| 000 | 00583nam a2200181Ia 4500 | ||
|---|---|---|---|
| 008 | 140925s9999 xx 000 0 und d | ||
| 020 | _a1540-6288 | ||
| 100 | _aVan Ness, Bonnie F. | ||
| 245 |
_aFinancial Review / _cBonnie F. Van Ness. _h[electronic resource] |
||
| 260 |
_bJohn Wiley & Sons, Inc., _cc1999. |
||
| 516 | _aElectronic text | ||
| 650 | _aFinancial Management. | ||
| 650 | _aFinancial Review. | ||
| 830 | _aJohn Wiley & Sons, Inc. | ||
| 856 | _uhttp://onlinelibrary.wiley.com/journal/10.1111/%28ISSN%291540-6288 | ||
| 942 | _cEJ | ||
| 999 |
_c275645 _d275645 |
||